Współczesna sztuka ludowa na Warmii i Mazurach

Titel: Współczesna sztuka ludowa na Warmii i Mazurach / Bożena Beba
Verfasser:
Ausgabe: Wyd. 1
Veröffentlicht: Olsztyn : Towarzystwo Naukowe [u.a.], 2008
Umfang: 155 S. : Ill.
Format: Buch
Sprache: Polnisch
Schriftenreihe/
mehrbändiges Werk:
Rozprawy i Materiały Ośrodka Badań Naukowych im. Wojciecha Ke̜trzyńskiego w Olsztynie ; 242
Schlagworte:
ISBN: 9788360839218 ; 8360839212
Buchumschlag
X
Lokale Klassifikation: 6 9 G ; 6 8 M 151 ; 6 8 E 36
alg: 27413462
001A    $03004:01-09-11 
001B    $01999:03-06-23 $t06:03:09.000 
001C    $03004:09-09-11 $t08:19:23.000 
001D    $03004:01-09-11 
001U    $0utf8 
001X    $00 
002@    $0Aau 
003@    $0274134624 
003O    $0645400525 $aOCoLC 
004A    $A978-83-60839-21-8 
004A    $083-60839-21-2 
007A    $0BV035619822 $aBVB 
007G    $0DE020BD41DB1521DE98B6C125791700281543 
007T    $0Herdhh274134624 
009P    $qapplication/pdf $A2 $3Inhaltsverzeichnis $uhttp://scans.hebis.de/HEBCGI/show.pl?27413462_toc.pdf $mV:DE-603;B:DE-Mb50 
010@    $apol 
011@    $a2008 
021A    $aWspółczesna sztuka ludowa na Warmii i Mazurach $hBożena Beba 
028A    $7 $8Beba, Bożena [Tnx] $916456876X 
032@    $aWyd. 1 
033A    $pOlsztyn $nTowarzystwo Naukowe [u.a.] 
034D    $a155 S. 
034M    $aIll. 
036E    $aRozprawy i Materiały Ośrodka Badań Naukowych im. Wojciecha Ke̜trzyńskiego w Olsztynie $l242 
036F    $x3242 $8Rozprawy i materiały Ośrodka Badań Naukowych Im. Wojciecha Kętrzyńskiego w Olsztynie $9006728707 $l242 
041A    $RWoiwodschaft Allenstein $RWoiwodschaft Ermland-Masuren $#Warmia $#Warmien $#Ermeland $#Varmė $#Wārmi $74015327-7 $8Ermland [Tg1] $9085034932 
041A/01 $RKunst $RNaive Kunst $#Folk art $#Art populaire $#Arte popolare $#Arte popular $#Volkskunst $#Bäuerliche Kunst $#Bauernkunst $#Arte plebea $74063851-0 $8Volkskunst [Ts1] $9085179000 
041A/02 $#Mazury $74037914-0 $8Masuren [Tg1] $9085103527 
045F    $a709.43832 $eDDC23BSB 
045F/01 $a709 
045F/03 $g43832 
045F/03 $g4382 
046M    $aLiteraturverz. S. 152 - 155 

lok: 27413462 24
101B    $009-09-11 $t08:19:23.000 
101C    $009-09-11 
101U    $0utf8 
145Z/01 $a6 9 G 
145Z/02 $a6 8 M 151 
145Z/03 $a6 8 E 36 

exp: 27413462 24 1 #EPN
201B/01 $009-09-11 $t08:19:23.000 
201C/01 $001-09-11 
201U/01 $0utf8 
203@/01 $0629022801 
208@/01 $a01-09-11 $bz 
209A/01 $a11.02977 $du $f050 $h11 02977 $x00 
209C/01 $a11.02977 T $h11 02977 T 
209G/01 $a72892437 $x00 
220C/01 $ajwa/han 
247C/01 $8358050-7 Marburg, Bibliothek des Herder-Instituts Marburg $9102600961 

lok: 27413462 78

exp: 27413462 78 1 #EPN
201B/01 $019-04-17 $t22:00:35.000 
201U/01 $0utf8 
203@/01 $079385413X 
208@/01 $a12-11-16 $be 
209A/01 $a/ $f000 $x00 
237A/01 $aweiterführende Signatur(en): Herder-Institut: 11.02977 
244Z/01 $2Trx $#Prusy Wschodnie i Zachodnie $8--Trx--Ost- und Westpreußen $x01 $939113373X 
244Z/01 $2Trx $#rahvakunst $#liaudies menas $#Folk art $#népmüvészet $#sztuka ludowa $#umenie ľudové $#umění lidové $8--Trx--Volkskunst $x02 $9391367323 
244Z/01 $aMasuren $x03 
244Z/01 $2Trx $8--Trx--Monographie $x04 $9391384546 
245Z/01 $a11.10 $x01 
247C/01 $82080>Marburg/Lahn, Herder-Institut, Forschungsbibliothek, Bibliographieportal $9336309341
LEADER 00000cam a2200000 c 4500
001 274134624
003 DE-603
005 20230603060309.0
007 tu
008 110901s2008 xx |||| | u00||u|pol c
020 |a 9788360839218 
020 |a 8360839212 
035 |a (DE-599)BVBBV035619822 
035 |a (OCoLC)645400525 
040 |a DE-603  |b ger  |c DE-603  |d DE-603 
041 |a pol 
082 0 4 |8 1\u  |a 709.43832  |q DE-101  |2 23/BSB 
085 |8 1\u  |b 709 
085 |8 1\u  |z 2  |s 43832 
085 |8 1\u  |z 2  |s 4382 
100 1 |a Beba, Bożena  |0 (DE-603)16456876X 
245 0 0 |a Współczesna sztuka ludowa na Warmii i Mazurach  |c Bożena Beba 
250 |a Wyd. 1 
264 1 |a Olsztyn  |b Towarzystwo Naukowe [u.a.]  |c 2008 
300 |a 155 S.  |b Ill. 
490 1 |a Rozprawy i Materiały Ośrodka Badań Naukowych im. Wojciecha Ke̜trzyńskiego w Olsztynie  |v 242 
504 |a Literaturverz. S. 152 - 155 
650 7 |a Volkskunst  |0 (DE-588)4063851-0  |0 (DE-603)085179000  |2 gnd 
651 7 |a Ermland  |0 (DE-588)4015327-7  |0 (DE-603)085034932  |2 gnd 
651 7 |a Masuren  |0 (DE-588)4037914-0  |0 (DE-603)085103527  |2 gnd 
810 2 2 |a Ośrodek Badań Naukowych Im. Wojciecha Kętrzyńskiego  |t Rozprawy i materiały Ośrodka Badań Naukowych Im. Wojciecha Kętrzyńskiego w Olsztynie  |v 242  |w (DE-603)006728707  |w (DE-600)1013468-2  |9 3242  |7 as 
856 4 2 |m V:DE-603;B:DE-Mb50  |q application/pdf  |u http://scans.hebis.de/HEBCGI/show.pl?27413462_toc.pdf  |3 Inhaltsverzeichnis 
924 0 |9 Mb 50  |a (DE-603)629022801  |b DE-Mb50  |c HES  |d c  |g 11.02977 
924 0 |9 2080  |a (DE-603)79385413X  |b DE-2080  |c HES  |d d  |g /